1895 1114 1715 1623 1527 1054 1579 1743 1420 1195 1357 1394 1908 1468 1140 1197 1996 1493 1300 1329 1660 1603 1574 1578 1888 1871 1765 1559 1238 1014 1654 1413 1524 1359 1021 1651 1072 1922 1599 1641 1274 1731 1775 1711 1316 1393 1938 1620 1713 1286 1667 1417 1190 1386 1839 1276 1538 1150 1297 1327 1586 1584 1526 1986 1182 1974 1208 1588 1729 1188 1001 1680 1473 1853 1692 1384 1900 1801 1171 1665 1057 1202 1029 1664 1765 1326 1317 1305 1838 1560 1337 1807 1913 1664 1394 1438 1968 1717 1430 BCNSPRNW ULIB Ver.6.0+V

เปลี่ยนเป็นภาษาไทย

Change to English
 แสดงรายละเอียดบรรณานุกรม
  กลับหน้าหลัก

Brief Record : Get Marc (ISO 2709) : E-mail record : QR code < ปิดหน้าต่าง
LEADER : 00000nam 2200000uu 4500
001    13399122083
003     ULIB
008    121225s2554||||th 000 0 tha d
020    ^a9789741114627
060 04 ^aW20.5^bต367
245 00 ^aตำราการวิจัยทางคลินิก =^bTextbook of clinical research /^cจัดพิมพ์โดย คณะเวชศาสตร์เขตร้อน มหาวิทยาลัยมหิดล ; บรรณาธิการ พรรณี ปิติสุทธิธรรม, ชยันต์ พิเชียรสุนทร
246 31 ^aTextbook of clinical research
250    ^aพิมพ์ครั้งที่ 1
260    ^aกรุงเทพฯ :^bอมรินทร์พริ้นติ้งแอนด์พับลิชชิ่ง,^c2554
300    ^a(7), 600 หน้า :^bภาพประกอบ ;^c25 ซม.
500    ^aSend to Single Search
504    ^aมีบรรณานุกรมและดัชนี
505 0  ^a^tภาพรวมและประเด็นการทดสอบทางคลินิก --^tรูปแบบการวิจัยทางคลินิก --^tการเขียนโครงร่างการวิจัยทางคลินิก --^tขนาดกลุ่มตัวอย่างในการวิจัยทางคลินิก --^tการสุ่มตัวอย่างและการปกปิด --^tพื้นฐานสถิติที่ใช้ในการวิจัยทางคลินิก --^tแนวทางการวิจัยทางคลินิกที่ดี --^tจริยธรรมในการวิจัยทางคลินิก --^tการจัดทำแบบแสดงความยินยอม --^tการเก็บรวบรวมข้อมูล --^tการจัดทำเอกสารวิธีและวิธีดำเนินการมาตรฐานงานวิจัย --^tการรายงานความปลอดภัย --^tการกำกับดูแลการวิจัยทางคลินิก --^tการตรวจสอบการวิจัยทางคลินิก --^tการดูแลจัดการเกี่ยวกับตัวอย่างสิ่งส่งตรวจทางห้องปฏิบัติการ --^tวิธีการตรวจวินิจฉัย --^tการบริหารจัดการผลิตภัณฑ์และเครื่องมือที่ใช้ในการวิจัย --^tการวิจัยวัคซีนทางคลินิก --^tการบริหารจัดการข้อมูลในงานวิจัยทางคลินิก --^tกระบวนการวิเคราะห์ข้อมูลและตรวจสอบผลการวิจัย
650  4 ^aการแพทย์^xวิจัย
650  4 ^aวิจัย^xวิธีการ
700 0  ^aพรรณี ปิติสุทธิธรรม,^eบรรณาธิการ
700 0  ^aชยันต์ พิเชียรสุนทร,^eบรรณาธิการ
710 2  ^aมหาวิทยาลัยมหิดล. ^bคณะเวชศาสตร์เขตร้อน
945    ^p450^l0^i033332
945    ^p450^l0^i033333
995    ^a เกษร
999    ^aใช้งานได้ทุกระบบ
รายการนี้ยังไม่มีแท็ก
คุณยังไม่ได้ล็อกอิน คุณสามารถมีกิจกรรมร่วมกับเว็บไซต์ได้ แต่ต้องล็อกอินก่อน ::
  ล็อกอิน

รายการสื่อสารสนเทศ

ลำดับที่ ประเภท เลขเรียก/บาร์โค้ด สถานที่ สถานะ
1. วิทยาศาสตร์การแพทย์ และสุขภาพ
หนังสือสำรอง
สถานะ=หนังสือสำรอง
W20.5 ต367 ฉ.1 
  Barcode: 033332
ห้องสมุดวิทยาเขตสวรรค์ประชารักษ์
►ส่วนจัดเก็บหนังสือเก่า สปร
บนชั้น
  ขอยืม
2. วิทยาศาสตร์การแพทย์ และสุขภาพ
วิทยาศาสตร์การแพทย์ และสุขภาพ
W20.5 ต367 ฉ.2 
  Barcode: 033333
ห้องสมุดวิทยาเขตสวรรค์ประชารักษ์
►ส่วนจัดเก็บหนังสือเก่า สปร
บนชั้น
  ขอยืม

BibComment


ยังไม่เคยถูกคอมเมนท์

คอมเมนท์ทรัพยากรรายการนี้
  คอมเมนท์: ตำราการวิจัยทางค..


 Copyright 2026. Bcnsprnw @Library